000 00742nam a2200193Ia 4500
008 151121s9999||||xx |||||||||||||| ||und||
082 _a621।384/आपटे
082 _bHNW-34624
100 _aआपट आ।स।द
245 _aरेडिओचे अंतरंग व कार्यपध्दती
260 _b"उदयम प्रकाशन,धर्मपेठ,नागपूर"
260 _c--
300 _a240
600 _aआपट आ।स।द
630 _aरेडिओचे अंतरंग व कार्यपध्दती
700 _aआपट आ।स।द
730 _aरेडिओचे अंतरंग व कार्यपध्दती
942 _cBOOK
999 _c1227505
_d1227502